Normal view
MARC view
- SAUER, CARL ORTWIN,
Entry Nombre Personal
001 - NUMERO DE CONTROL
- campo de control: 7103
003 - IDENTIFICADOR DE NUMERO DE CONTROL
- campo de control: UPN
005 - FECHA Y HORA DE LA ÜLTIMA TRANSACCIÓN
- campo de control: 20210219193710.0
008 - DATOS DE LONGITUD FIJA
- campo de control de longitud fija: nabaccnnaabn|||||||||| b |nc|||||d
035 ## - NUMERO DE CONTROL
- Número de control: UPN10000007106
040 ## - FUENTE DE CATALOGACIÓN
- Lenguaje de catalogación: SPA
- Agencia de transcripción: UPN
100 ## - ENCABEZAMIENTO - NOMBRE PERSONAL
- Nombre personal: SAUER, CARL ORTWIN,
- Fechas asociadas con el nombre: 1889-1975
670 ## - FUENTE EN LA QUE SE LOCALIZARON DATOS
- Cita de la fuente: LC
902 ## - CATALOGADOR
- Catalogador: MEEG/210807
